| 000 | 00357cam a22001217a 4500 | ||
|---|---|---|---|
| 008 | 180718b1949 xxu||||| |||| 00| 0 eng d | ||
| 082 | _aT0x73 M862 | ||
| 100 | _aMoulton, Harold G. | ||
| 245 |
_aControlling factors in economic development _cby Harold G. Moulton |
||
| 260 |
_aWashington _bBrookings _c1949 |
||
| 300 | _a397p. | ||
| 650 | _aUSA -Economic History | ||
| 999 |
_c480653 _d480653 |
||